Đồng dao Việt - Anh
Wedi'i Gadw mewn:
| Prif Awdur: | |
|---|---|
| Fformat: | Llyfr |
| Iaith: | Undetermined |
| Cyhoeddwyd: |
H.
Văn Học
2003
|
| Pynciau: | |
| Tagiau: |
Ychwanegu Tag
Dim Tagiau, Byddwch y cyntaf i dagio'r cofnod hwn!
|
| Thư viện lưu trữ: | Trung tâm Học liệu Trường Đại học Cần Thơ |
|---|
| LEADER | 00509nam a2200181Ia 4500 | ||
|---|---|---|---|
| 001 | CTU_54645 | ||
| 008 | 210402s9999 xx 000 0 und d | ||
| 020 | |b 12000 | ||
| 082 | |a 398.2 | ||
| 082 | |b B102 | ||
| 100 | |a Nguyễn Bách | ||
| 245 | 0 | |a Đồng dao Việt - Anh | |
| 245 | 0 | |c Nguyễn Bách và Nguyễn Hạnh | |
| 260 | |a H. | ||
| 260 | |b Văn Học | ||
| 260 | |c 2003 | ||
| 650 | |a folk literature, vietnamese ( english ) | ||
| 980 | |a Trung tâm Học liệu Trường Đại học Cần Thơ | ||